| 000 | 01052nam a2200253 u 4500 | ||
|---|---|---|---|
| 001 | 000501463 | ||
| 003 | AM-YeHGA | ||
| 005 | 20260117141912.0 | ||
| 008 | 060926s2006 ai r 000 0 arm d | ||
| 020 | _a5808407737 | ||
| 040 | _aAM-YeHGA | ||
| 041 | 0 |
_aarm _arus _aeng |
|
| 100 | 1 | _aԳեջյան, Սաթենիկ Հայկի | |
| 245 | 1 | 0 |
_aԱնի : _bՄատենագիտություն / _cՍ.Հ. Գեջյան; Խմբ.՝ Մ.Մ. Հասրաթյան; ԵՊՀ. |
| 246 | 1 | 1 |
_aАни : _bБиблиография |
| 246 | 1 | 1 |
_aAni : _bBibliographie |
| 260 |
_aԵրևան : _bԵրևանի համալս. հրատ., _c2006. |
||
| 300 | _a336 էջ ;. | ||
| 500 | _aՊատկերա-լուսանկարային նյութեր, հատակագծեր և քարտեզներ, էջ՝ 311-332 | ||
| 650 | 1 | 4 |
_aՀայոց մայրաքաղաքներ _xԱնի _vՄատենագիտություն |
| 700 | 1 |
_aՀասրաթյան, Մուրադ Մարգարի, _d1935-2026 _eխմբ. _4edt _92368 |
|
| 710 | 2 | _aԵրևանի պետական համալսարան | |
| 090 | _c186973 | ||
| 999 |
_c185515 _d185515 |
||